| 000 | 00575 a2200193 4500 | ||
|---|---|---|---|
| 005 | 20240510154643.0 | ||
| 010 | _aB-7588902 | ||
| 020 |
_a8170246245 _c300.00 |
||
| 035 | _aB-758902 | ||
| 037 | _bGift/Unesco | ||
| 082 | _a301.43 | ||
| 245 |
_aCrime Against Women/ _cO.C. Sharma |
||
| 260 |
_aNew Delhi _bAshish Publishing House _c1994 |
||
| 270 |
_a8/81, Punjabi Bagh _bNew Delhi _e110026 |
||
| 300 |
_a728 p. _c24cm (Hb) |
||
| 700 |
_aWeiner, Irving B _966089 |
||
| 942 |
_adpl _cEN _2ddc _h301.43 _mElk |
||
| 999 |
_c202822 _d202822 |
||